| 000 | 00317nam a22001217a 4500 | ||
|---|---|---|---|
| 008 | 230627b xxu||||| |||| 00| 0 eng d | ||
| 020 | _a9251030154 | ||
| 082 |
_a338.1 _bFAO 1992 |
||
| 245 |
_a1980 World Census of Agriculture _bMethodological Review |
||
| 260 |
_aRome _bFAO _c1992 |
||
| 300 | _aVI,358p | ||
| 942 |
_2ddc _cBK |
||
| 999 |
_c2793 _d2793 |
||